000 00973nam a2200289 a 4500
005 20200104041532.0
008 140305b2000 ck ||||| |||| 00| 0 spa d
040 _aCO-BoIAVH
_cCO-BoIAVH
041 _aspa
044 _ack
090 _aLB
_b02271
110 _bGrupo de Estudio de Aves de la Universidad de Antioquia
_916042
245 _aUbicación de algunas poblaciones de Crax alberti en el bajo Cauca y nordeste antioqueño
260 _aMedellín
_bCORANTIOQUIA
_bSAO
_c2000
300 _a57 p.
650 _aAves
_941964
650 _aCrácidos
_916044
650 _aHistoria natural
_941965
650 _aEspecies amenazadas
_9157
650 _aEspecies bandera
_916046
650 _aEspecies indicadoras
_94132
650 _aConservación de biodiversidad
_9345
662 _aColombia
_dCáceres
_bAntioquia
662 _aColombia
_cReserva Regional Bajo Cauca - Nechí
_dAnorí
_bAntioquia
662 _aColombia
_dRemedios
_bAntioquia
942 _cINFORME
_2z
999 _c2456
_d2456